000 01148nam a2200337 a 4500
001
003 DO-SdBNP
005 20220317092349.0
007
008 090819s2008 mx a 000 0 spa d
020 _a9789702218371
040 _aBPMSU
_bspa
_cBPMSU
082 _a813.5
_bS611g 2008
_222
100 1 _aSimons, Jaime
245 1 3 _aMi primera biblioteca familiar bilingüe :
_bguía para padres /
_cJaime Simons y Nancy Casolaro ; Ilustrado Peter Emslie y Edwards Art : traducción Beatriz Stellino
246 1 3 _a Padres e hijos comparten y aprenden
260 _aMéxico :
_bEdiciones Larousse,
_c2008
300 _a32 p. :
_bil.,;
_c27 cm.
490 0 _aMi primera biblioteca familiar bilingüe
534 _aTexto en español e inglés
590 _6Inventariado, 2022/VM
650 4 _aCuentos infantiles estadounidenses.
650 4 _aLiteratura infantil estadounidenses
_v
700 1 _aCasolaro, Nancy
700 1 _a Emslie, Peter
_eilustración
700 1 _aArt, Edwards
_eilustración
700 1 _aStellino, Beatriz
_etraductor
710 2 _aWalt Disney
910 _aVMateo V.
942 _2ddc
_cBK
999 _c14088
_d14088